مقدمة لأصول النحو العربي

Bibliographic Details
Main Author: جيلالي، أحمد (Author)
Format: Book
Language:Arabic
Published: Qahirah : Dar al-Kitab al-Hadith , 2013
Edition:الطبعة 1
Subjects:

MARC

LEADER 00000cam a2200000 7i4500
001 0000085539
005 20140224093000.0
008 130717s2013 ua ara
020 |a 9789773504870 
050 0 0 |a PJ6151   |b .J55 2013 
090 0 0 |a PJ6151   |b .J55 2013 
100 1 |a جيلالي، أحمد ,   |e author 
241 1 0 |a Muqaddimah li-usul al-nahw al-'Arabi 
245 1 0 |a مقدمة لأصول النحو العربي   |c د. أحمد جيلالي 
250 |a الطبعة 1 
260 |a Qahirah :   |b Dar al-Kitab al-Hadith ,   |c 2013 
300 |a 213 p. ;   |c 24 cm. 
504 |a Includes bibliographical references (p. 201-211) and index 
650 0 |a Arabic language   |x Grammar 
650 0 |a Arabic language   |x Sentences 
650 0 |a Arabic language   |x Syntax 
999 |a 1000159700   |b Book   |c OPEN SHELF (30 DAYS)   |e Gong Badak Campus